| 000 | 00649cam a2200241 i 4500 | ||
|---|---|---|---|
| 001 | 3716719 | ||
| 005 | 20180130032140.0 | ||
| 008 | 800418s1980 nyu b 001 0 eng | ||
| 010 | _a 80015040 | ||
| 020 | _a0882770098 | ||
| 040 |
_aDLC _cDLC _dDLC |
||
| 041 | _aeng | ||
| 043 | _an-us--- | ||
| 080 | _a346.7302 FAR | ||
| 082 | 0 | 0 | _a346.7302 FAR |
| 100 | 1 | _a14 | |
| 101 | _aJUR | ||
| 245 | 1 | 0 |
_aCases and materials on contracts / _cby E. Allan Farnsworth, William F. Young. |
| 504 | _aIncludes bibliographical references and index. | ||
| 740 | 0 | _aContracts. | |
| 906 |
_a7 _bcbc _corignew _d1 _eocip _f19 _gy-gencatlg |
||
| 942 |
_2ddc _cBK |
||
| 999 |
_c41204 _d41204 |
||